Countries starting with E - Statistics

General Stats
  • This quiz has been taken 28 times
  • The average score is 6 of 8
Answer Stats
Answer % Correct
Ecuador
93%
Eswatini
78%
Ethiopia
78%
Egypt
74%
El Salvador
74%
Equatorial Guinea
74%
Eritrea
74%
Estonia
74%
No matching quizzes found
Score Distribution
Percent of People with Each Score
Percentile by Number Answered
Your Score History
You have not taken this quiz